000 00524nam a2200169 i 4500
001 190128
003 ES-MaACL
005 20230906223641.0
008 200731s1871 po |||| | spa d
080 _a908(460.271)"18"
100 1 _aCoutinho Junior, Albano.
_9170225
245 1 0 _aCinco días en Madrid /
_cpor Albano Coutinho Junior.
260 _aLisboa :
_b[s.n.],
_c1871 (
_fImp. I.G. de Sousa Neves)
300 _a52 p. ;
_c16 cm.
651 4 _aMadrid-
_xDescripción-
_yS.XIX.
_98954
852 4 _aES-MaACL
_jT-135-F-4
999 _c190128
_d190128